El cururo incomprendido y otros cuentos
Gespeichert in:
| 1. Verfasser: | |
|---|---|
| Format: | Buch |
| Sprache: | Spanisch |
| Veröffentlicht: |
Santiago
Zig-Zag
2011
|
| Ausgabe: | 4a. ed |
| Schriftenreihe: | Lectorcitos
|
| Schlagworte: | |
| Tags: |
Tag hinzufügen
Keine Tags, Fügen Sie den ersten Tag hinzu!
|
MARC
| LEADER | 00000cam a2200000 a 4500 | ||
|---|---|---|---|
| 001 | UCF9523 | ||
| 003 | CL-VaPUC | ||
| 008 | 131129e20110000cl |||||||||||||||||spa|d | ||
| 020 | |a 9789561219113 | ||
| 082 | 0 | 4 | |a Ch863 |b MOR |2 21 |
| 100 | |a Morel Chaigneau, Alicia |e autora |9 626523 | ||
| 245 | 1 | 3 | |a El cururo incomprendido y otros cuentos |
| 250 | |a 4a. ed | ||
| 300 | |a 39 p | ||
| 942 | |c BK | ||
| 945 | |d 20131129 12:34:00 |a cmena | ||
| 260 | |a Santiago |b Zig-Zag |c 2011 | ||
| 650 | 0 | |a Cuentos chilenos |9 308280 | |
| 650 | 0 | |a Cuentos infantiles |9 308044 | |
| 650 | 0 | |a Literatura chilena |9 308278 | |
| 583 | |a last modification |c 20131129 12:34:00 |k Rodrigo Vera | ||
| 490 | 0 | |a Lectorcitos | |
| 999 | |c 353966 |d 353964 | ||